Normal view
MARC view
- Khaleghi, Murdoc
Entry Personal Name
001 - CONTROL NUMBER
- control field: 88998
003 - CONTROL NUMBER IDENTIFIER
- control field: NUST
005 - DATE AND TIME OF LATEST TRANSACTION
- control field: 20220211152413.0
008 - FIXED-LENGTH DATA ELEMENTS
- fixed length control field: 220211|| aca||aabn | a|a d
040 ## - CATALOGING SOURCE
- Original cataloging agency: NUST
- Transcribing agency: NUST
100 ## - HEADING--PERSONAL NAME
- Personal name: Khaleghi, Murdoc
670 ## - SOURCE DATA FOUND
- Source citation: Work cat.: (NUST)587637: Khaleghi, Murdoc, The Everything Guide To Preventing Heart Disease:, 2011.
